| 000 | 00504nam a2200121 a 4500 | ||
|---|---|---|---|
| 008 | 161026s2014 ||||||||||||||||| || u | ||
| 050 | _aCOMESA(05)SJ/2014 | ||
| 110 | _aCommon Market for Eastern and Southern Africa (COMESA) | ||
| 245 | 1 | 0 |
_aSummit journal _cCommon market for Eastern and Southern Africa [COMESA] |
| 260 |
_aLusaka: _c2014 |
||
| 300 | _a49p.: ill. | ||
| 995 |
_FCBU-MAIN LIBRARY (Kitwe) _UAVAILABLE _WJan 30, 2019 _ZInternational Publications |
||
| 999 |
_c59087 _d59087 |
||